000 00777cad a22002295a 4500
001 L159260
008 110131s2016 xxk f 100 0 eng d
035 _a(Sirsi) u159260
041 0 _aeng
100 1 _aMacNicol, Donnie
245 0 0 _aTaking the lead
_h[electronic resource]
260 _aLondon
_bRICS
_c2016
490 0 _aConstruction Journal
_vApril - May 2016, 16-18(3)
520 _aDiscusses the value and importance of capable leadership on major construction projects.
590 _aKA
650 2 4 _aLEADERSHIP
650 2 4 _aCOMMUNICATION
651 4 _aUnited Kingdom
_y
690 _aProject management
_96261
856 4 0 _uhttps://www.rics.org/Global/CJ%20APRIL%20MAY%2016%20LR.pdf
_zView the journal free of charge at www.rics.org/journals...
942 _n0
999 _c84851
_d84851